Laser Techniques Applied to Fluid Mechanics : Selected Papers /

Shranjeno v:
Bibliografske podrobnosti
Korporativna značnica: International Symposium on Applications of Laser Techniques to Fluid Mechanics ( Lisboa, Portugal)
Drugi avtorji: Adrian, Ronald J. (edición) (edición)
Format: Procedimiento de la conferencia Knjiga
Jezik:angleščina
Izdano: Berlín, Alemania : Springer, 2000, c2000
Teme:
Oznake: Označite
Brez oznak, prvi označite!

MARC

LEADER 00000nam^a2200000^a^4500
001 000136162
005 20250521000000.0
009 20260310095308.441
020 |a 3-540-66738-5 
037 |a Acervo ITESO - Biblioteca 
041 |a ING 
082 |a 620. 106  |b INT 1998 
111 |a International Symposium on Applications of Laser Techniques to Fluid Mechanics (  |n 9o :  |d 1998 :  |c Lisboa, Portugal) 
245 0 0 |a Laser Techniques Applied to Fluid Mechanics :  |b Selected Papers /  |c Ed. de R.J. Adrian... [et al.]. 
264 4 |a Berlín, Alemania :  |b Springer,  |c 2000, c2000 
300 |a XI, 638 p. 
336 |a texto  |b txt  |2 rdacontenido 
337 |a sin mediación  |b n  |2 rdamedio 
338 |a volumen  |b nc  |2 rdasoporte 
649 |a XX 
650 |a Dinámica de Fluidos -  |x Congresos 
650 |a Medidores de Flujo -  |x Congresos 
650 |a Láser -  |x Congresos 
650 |a Sensores 
650 |a Instrumentos de Medición 
650 |a Fluidos 
650 |a Fluidización 
650 |a Mecánica 
650 |a Matemáticas de Ingeniería 
650 |a Física -  |x Congresos 
700 |a Adrian, Ronald J.  |e (edición) 
910 |a Fondo General 
920 |a Impresos - Libros 
930 |a Colección General 
905 |a 101 
901 |a 0500065000  |b IT1  |c ACC  |u 20250521 
902 |a https://opac.biblio.iteso.mx/vufind/Record/000136162